000 00274nam a2200121Ia 4500
100 _a#N/A
650 _aComputer/ IT
942 _cBK
654 _aHTML
245 _aHTML - Interactive Multimedia Training - Train Yourself - on screen
260 _b#N/A
546 _aENGLISH
999 _c24801
_d24801